Quizzes
Events
Quiz Creation
Community
Videos
Private Events
Remove Ads
Sign In
Join for FREE
Feedback
Dark Mode
Quiz Categories
Sports
Geography
Music
Movies
Television
Just For Fun
Miscellaneous
History
Literature
Language
Science
Gaming
Entertainment
Religion
Holiday
For Kids
Quiz Lab
Recent
Popular Today
Quiz Kudos Today
Editor Picks
Curator Picks
Quizzes by...
Day
Popularity
Type
Ratings
Length
Year
Community
Subscriptions
Recent Discussions
Orange Saloon
Badges
Playlists
Quests
Create
Leaderboards
Showdown
Live 5
Trivia Bingo
Activity
Puzzle Library
Sporcle Events
Private Events
Virtual Trivia
Globe League
Become a Host
Pub Owners
SporcleCon
Opinionation
Our Games
Videos
Blog
Mobile Apps
Partnerships
Remove Ads and Go Orange
Feedback
Literature
Harry Potter
A Song of Ice and Fire
The Hunger Games
Literary Character
Shakespeare
Book
Author
Novel
Poem
Young Adult
Children's Books
Play
Lord of the Rings
Literature
Harry Potter
A Song of Ice and Fire
The Hunger Games
Literary Character
Shakespeare
Book
Author
Novel
Poem
Young Adult
Children's Books
Play
Lord of the Rings
Random Quiz
Search Sporcle
×
Quiz Lab
Quiz Lab
Literature
A Song of Ice and Fire
Type in answers that appear in a list
Type in answers that appear in a list
Classic
Best Score? Go Orange.
A Song of Ice and Fire A-Z Stats
Can you name the A-Z Song of Ice and Fire facts?
By
princekelso
10m
26 Questions
1,850 Plays
1,850 Plays
1,850 Plays
Comments
Comments
Give Quiz Kudos
Give Quiz Kudos
-
- Ratings
hide this ad
Replay
Link that replays current quiz
Next Quiz
Link to next quiz in quiz playlist
You Got
0%
They Got
Avg Score
75%
Avg Friend Score
Upgrade to see
Score Distribution
Jump to the score distribution portion of the page
Score
0/26
Timer
10:00
0
Plays Today
Letter
Answer
% Correct
D -
Dothraki husband of Daenerys Targaryen
Khal Drogo
98.8%
B = Dismissed of The Kingsguard by Joffrey Baratheon
Barristan Selmy
97.2%
A -
Rhaegar Targaryen's son
Aegon Targaryen
93.9%
L -
Eddard Stark's sister
Lyanna Stark
92.8%
K -
Tywin Lannister's brother
Kevan Lannister
92%
O -
The Red Viper
Oberyn Martell
90.8%
P -
Tyrion Lannister's squire
Podrick Payne
90.6%
F -
Words of House Targaryen
Fire and Blood
89.8%
I -
The King's Justice
Ilyn Payne
89%
T -
The Giantsbane
Tormund Giantsbane
83.5%
R -
One of Daenery's dragons
Rhaegal
81.7%
V -
The Wildling Princess
Val
81.1%
X -
Merchant Prince of Qarth
Xaro Xhoan Daxos
80.4%
Letter
Answer
% Correct
Y -
One of the Slaver Cities
Yunkai
79.9%
S -
Wife of Stannis Baratheon
Selyse Florent
79%
Q -
Master of Whispers after Varys disappears
Qyburn
77.9%
G -
The Darkstar
Gerold Dayne
77.8%
C -
Commander of Eastwatch-
by-
the-
Sea
Cotter Pyke
71.1%
N -
One of the Free Cities
Norvos
66.8%
M -
Singer who is framed for the murder of Lysa Arryn
Marillion
65.3%
U -
Arya Stark's nickname
Arya Underfoot
64.9%
J -
Fell in love with Florian at Maidenpool
Jonquil
57%
Z -
Dothraki member of the Brave Companions
Zollo
50.5%
H -
Brienne's companion in AFFC
Hyle Hunt
43.6%
E -
Seat of House Tarth
Evenstar
40.9%
W -
Survivor of the Sack of Winterfell, staying at White Harbor
Wex Pyke
36.3%
Quiz Playlist
Details
Report
Send in Message
Add To Playlist
Classic:
Type in answers that appear in a list
Last Updated: Feb 16, 2017
Quiz Scoreboard
CHALLENGE
Sign Up to Join the Scoreboard
Show All
Scores
Hide
Comments
May contain spoilers
Recently Published
An Introduction to Baseball
by treessimontrees
Sports
5m
Movies - When Are They Set?
by FPL_Elf
Movies
5m
Popular People in 1961
by mucciniale
History
6m
More to Explore
Quiz From the Vault
Featured Blog Post
Where Did the Easter Bunny Come From?
hide this ad
You Might Also Like...
Tags
A Song of Ice and Fire Quiz
asoiaf
Game of Thrones
Today's Top Quizzes in Literature
Browse Literature
hide this ad
Today's Top Quizzes in A Song of Ice and Fire
Browse A Song of Ice and Fire
Top Contributed Quizzes in Literature
1
Sneaky Slytherin Logic Puzzle
2
One Thing in Common: Literature
3
Get The Picture: Black or White Literature
4
One Thing in Common: Literature 3
5
Harry Potter Neighbourly Logic Puzzle #3
6
One Thing in Common: Literature II
7
One Thing in Common: Books
8
Harry Potter Neighbourly Logic Puzzle #5
9
Weasley Family Reunion: Logic Puzzle
10
7 to 1: Literature by Subcategory
Explore More
Trending Topics
Anime
Kpop
Marvel
NBA
Crossword
Disney
Harry Potter
Country
The Office
Puzzle
WWE
Soccer
Pokémon
Song
NFL
hide this ad
More By:
princekelso
Quiz
Plays
Rating
Category
Featured
Created
Members of The Night's Watch (Spoilers up to Dance)
2,783
3.64
Literature
Mar 8, 2012
A Song of Ice and Fire A-Z
1,850
2.69
Literature
Mar 12, 2012
Members of the Free Folk
559
4.60
Literature
Mar 8, 2012
True Facts About Marijuana
294
1.67
Science
Feb 15, 2012
Oblivion Fill-In-The-Blanks: The Main Quest
267
2.83
Gaming
Jan 19, 2012
Go to Creator's Profile
Score Distribution
Quiz Creator Spotlight
princekelso
Follow
Send a Message
Quizzes Created
-
Created Quiz Play Count
-
More By This Creator
Popular Quizzes Today
1
Find the Countries of Europe - No Outlines Minefield
2
Find the US States - No Outlines Minefield
3
The Countries of the World
4
Popular People in 1961
5
US States
6
Find the US States
7
1-10 Letter E Words III
8
Risky Map Clicking: Biggest States A-Z
More Literature Quizzes
19th Century Literary Characters Match-Up
Published
Trending Quizzes
Risky Map Clicking: Least Populous States A-Z
1-10 Letter F Words
1-10 Letter G Words
One Thing in Common: United Kingdom
Not Quite an Element Typing Challenge
Recently Updated
Leaping Animals
pecheneg
Reality TV Shows (A-Z)
bhenderson79
Rickey Henderson's Hall of Fame Teammates
pecheneg
Champions League XIs: Arsenal
pecheneg
Quick Pick: Celebrities in WWE's Hall of Fame
aduchscher
A-Z Keypad Blitz II
pecheneg
Multiple Oscar Actors
pecheneg
Mystery Phrase Blitz: Oscar 'Best Actors'
pecheneg
F. Scott Fitzgerald Novels
LTH
Pick 3 Villains
ddd62291
Trending Topics
Crossword
Disney
Kpop
Marvel
Harry Potter
Anime
NBA
Soccer
WWE
Puzzle
Country
Pokémon
Song
The Office
NFL
Your Account Isn't Verified!
In order to create a playlist on Sporcle, you need to verify the email address you used during registration. Go to your
Sporcle Settings
to finish the process.
Report this User
Report this user for behavior that violates our
Community Guidelines
.
Details:
Send Report
Go to the Sporcle.com Mobile Site →
Comments